| 000 | 02003cam a2200313 4500 | ||
|---|---|---|---|
| 008 | 090401t1991 xxu||||| |||| 00| 0 eng d | ||
| 020 | _a0419174001 | ||
| 035 | _a(Sirsi) u72043 | ||
| 041 | _aeng | ||
| 050 | _a332.6324 | ||
| 110 |
_aRoyal Institution of Chartered Surveyors _94900 |
||
| 245 | _aInvestment, procurement and performance in construction: proceeding of the first RICS research conference, held at the Barbican Centre, 10-11 January 1991... | ||
| 260 |
_aLondon _bE.& F.N. Spon _c1991 |
||
| 300 | _aix,396p. : ill. ; 24cm. | ||
| 350 | _a45 | ||
| 520 | _aPapers: Vehicles for property investment/ VENMORE-ROWLAND, P.- New methods of financing/ BEVERIDGE, J.A.- Methods of portfolio analysis/ GODSON, VIDA - Property indexes/ BROWN, GERALD R. - Problems of forecasting rental growth at the local level/ McNAMARA, P.F.-Single asset risk/ WALDY, E.B.D. - Property portfolio risk/ MACGREGOR, B.D. - Property as a global asset/ BAUM, ANDREW E. - Computer aided design: research needs in quantity surveying and construction management/ ATKIN, B.L. - Modelling and expert systems in property and construction/ BRANDON, P.S.- Multi-media informing technologies to support building design and construction professionals/ POWELL, J.A. - Procurement and construction management/ YATES, ALAN - Construction management: delivery and discipline/ CORNICK, TIM - Construction management: the way forward/ CUSACK, M.M.-Risk/ CHAPMAN, C.B. - Which estimating techniques/ SKITMORE, MARTIN - Fscilities management/ SPEDDING, ALAN - Building maintenance policy: nebulous nev | ||
| 650 | _aBUILDING INDUSTRY | ||
| 650 | _aCONFERENCES | ||
| 650 | _aMANAGEMENT-BUSINESS MANAGEMENT-INFORMATION MANAGEMENT | ||
| 650 | _aMANAGEMENT | ||
| 650 | _aProcurement-old | ||
| 650 | _aPROPERTY FINANCE | ||
| 650 | _aPROPERTY INVESTMENT | ||
| 650 | _aRISK | ||
| 690 | _aBUILT ENVIRONMENT | ||
| 700 |
_aVenmore-Rowland, Piers Brandon, Peter Mole, Trevor, _xEditor |
||
| 942 | _n0 | ||
| 948 | _c04/03/1997 | ||
| 999 |
_c95476 _d95476 |
||